00756nam a2200217 i 450000100060000000300090000600500170001500700030003200800410003510000320007624500710010825000140017926000780019330000290027149000410030050000460034150000320038765000580041983000410047785200200051853567ES-MaACL20240526062937.0t|960627s1890 fr |||| | fre d1 aFaguet, Émile,d1847-191610aDix-huitième siècle b: etudes littéraires / cEmile Faguet. a31e éd. aParis : bSociété Française d'Imprimerie et de Librairie, c[1890?] aXXXII, 559 p. ; c19 cm.1 aNouvelle bibliothèque littéraire aMención de ed. tomada de cub. original. aFecha tomada del prólogo. 4aLiteratura francesa-yS.XVIII-vHistoria y crítica.0 aNouvelle bibliothèque littéraire aES-MaACLjF-577